| 000 | 00965nac a22002411u 4500 | ||
|---|---|---|---|
| 010 | _a 67068506 | ||
| 082 | 0 | 0 |
_a616.0756 _bV429 |
| 090 |
_c3569 _d3569 |
||
| 100 | _aVarley, Harold. | ||
| 245 | 1 | 0 |
_aPractical clinical biochemistry : _bGeneral Topics and Common Tests / _cHarold Varley, Alan H. Gowenlock, Maurice Bell. |
| 250 | _a5th ed. | ||
| 260 |
_aLondon, _bHeinemann Medical; _aNew York, _bInterscience Books, _cC.1980.. |
||
| 300 |
_aV1. _billus., tables, diagrs. _c22 cm. |
||
| 500 | _aDonations. | ||
| 500 | _aDonations - Bibliotheca Alexandrina. | ||
| 504 | _aIncludes Bibliography and Index. | ||
| 650 | 0 |
_aClinical biochemistry _xLaboratory manuals. |
|
| 650 | 0 |
_aClinical chemistry _xLaboratory manuals. |
|
| 700 | _aGowenlock, Alan H. | ||
| 700 | _aBell, Maurice. | ||
| 942 |
_cBB _k616.0756V429 |
||
| 999 |
_c3569 _d3569 |
||